Music Quiz

Random Music or Song Quiz

Women from 88 Lines About 44 Women Quiz Stats

 Plays Quiz Updated Apr 3, 2020

     
Support Sporcle.
Go Orange.
Score 0/44 Timer 09:00
0 Plays Today
Description Woman % Correct
A black girl, I was afraid of a girl like thatMary
70.5%
Thought men were second best to masturbating in the bathJoan
51.4%
A modern dancer, lean pristine transparencySarah
39.9%
Painted pictures sitting down like a Buddhist satSusan
36.6%
A Jesus freak, she liked that kind of miseryCathy
28%
Much too pretty, she didn't do that **** at allKatherine
27.1%
Came and went so fast she didn't even say goodbyeJulie
26.6%
Thought her life was empty, filled it up with alcoholLinda
23.3%
Liked to tie me up and leave me hanging by a strapKaren
21.6%
A Catholic girl, she held out to the bitter endDeborah
21.5%
Came from Ohio, she's a ScientologistJudy
20.6%
Had a house in Houston, shot cough syrup in her veinsPatty
19.8%
Wrote bad poetry in a crazy kind of urgencyJanet
18.9%
Joined a new wave band and changed her name to Bobbie SoxBobbi
17.6%
A rich punk rocker, silver spoon and a paper plateJackie
17%
A different type, she's the one who put it inCarla
16%
Turkish, liked to **** while wearing leather biker bootsTanya
15.8%
Knew no shame, was never ever satisfiedMarilyn
15.5%
Had this special way of turning sex into a songVicki
15%
The perfect lady, always kept her stockings straightGina
15%
Had a house in Venice, lived on brown rice and cocaineRhonda
14.9%
Had a strange obsession for certain vegetables and fruitsBrenda
14.7%
Description Woman % Correct
Didn't give a ****, was just a NihilistTerri
14.6%
A feminist, she really had that gift of gabSherry
14.4%
The last taboo, was shattered by her tongue one nightGloria
13.6%
Drove her Chevrolet into the San Francisco BayDinah
12.4%
Sixteen, had a baby, left her parents, lived aloneNina
12.3%
Her point of view was this: 'Take whatever you can grab'Kathleen
12.1%
Complicated, like some French filmmaker's plotJean-Marie
10%
Thought that love was simple: turn it on and turn it offPauline
9.9%
Another girl who left her mark upon the mapSeattle
9.4%
Brought the taboo back and held up against the lightMimi
9.4%
Had this nightclub walk that made grown men feel underageJeannie
9.3%
Went forty days drinking nothing but PerrierJezebel
9%
Here's a kiss, I chose you to end this listAmaranta
8.3%
Played guitar, sang songs about whales and copsEloise
8.2%
An archetype, the voodoo queen, the queen of wrathZilla
8.1%
An artist's daughter, the deeper image shook her upRowena
8%
Her mother left her father, took his money and his truckDee Dee
7.7%
Had no problems, perfect Norman Rockwell homeDebbie Rae
7.7%
A nameless girl, a geographic memoryReno
7.2%
Much more my style, she wrote songs just like thisRonnie
6.9%
Couldn't sing, kept the beat and kept it strongKamala
6.5%
Had a son, said I must go, but finally stayedMariella
5.9%

From the Vault

Add an 'E'

by Svestus

Remember that email without the 'e' is the same thing only much slower.
Remove Ads.
Support Sporcle.
Get the best of Sporcle when you Go Orange. This ad-free experience offers more features, more stats, and more fun while also helping to support Sporcle. Thank you for becoming a member.

Show Comments

Extras

Top Quizzes Today


Score Distribution

Your Account Isn't Verified!

In order to create a playlist on Sporcle, you need to verify the email address you used during registration. Go to your Sporcle Settings to finish the process.

Report this User

Report this user for behavior that violates our Community Guidelines.

Details: